000 00864nam a2200241 a 4500
005 2009091200130.0
008 080424s2008 nyua j 000 1 eng
010 _aB-358105
020 _a9788126417636
_c60.00
035 _aB-358105
037 _bDBAD / PUB
040 _adpl
_bEnglish
082 _aS
100 _aJacob, Litta
245 _aAndersen's the emperor's new clothes /
_cretold by Litta Jacob; illustrated by Raghu G.
260 _aKerala
_bDC Books
_c2008
270 _aDC Kizhakemuri Edam, Good Shepherd Street, Kottayam
_b686001
300 _a29p.:
_bcol. ill. ;
_c22cm(pbk)
650 _aChildren's stories, English
700 _aRaghu G.
942 _2ddc
_cCH
_hS
_mJAC
999 _c30302
_d30302